Business performance measuring by selected indicators
Meranie výkonnosti podniku použitím všeobecne prijatých ukazovateľov je kľúčovým zdrojom informácií o výkonnosti a budúcich perspektívach podniku. Výkonnosť podniku je nevyhnutná pre dlhodobé plánovanie. Príspevok vyberá vhodné ukazovatele na meranie výkonnosti a aplikuje ich vo vybraných podnikoch.
Guardado en:
| Autor principal: | |
|---|---|
| Otros Autores: | |
| Formato: | Capítulo de libro |
| Lenguaje: | inglés |
| Materias: | |
| Etiquetas: |
Sin Etiquetas, Sea el primero en etiquetar este registro!
|
MARC
| LEADER | 00000nla a2200000 4500 | ||
|---|---|---|---|
| 001 | 0226678 | ||
| 005 | 20240502073731.8 | ||
| 041 | 0 | |a eng | |
| 044 | |a SK | ||
| 245 | 1 | 0 | |a Business performance measuring by selected indicators |c Bohuslava Mihalčová, Peter Gallo |
| 520 | |a Meranie výkonnosti podniku použitím všeobecne prijatých ukazovateľov je kľúčovým zdrojom informácií o výkonnosti a budúcich perspektívach podniku. Výkonnosť podniku je nevyhnutná pre dlhodobé plánovanie. Príspevok vyberá vhodné ukazovatele na meranie výkonnosti a aplikuje ich vo vybraných podnikoch. | ||
| 610 | 2 | 0 | |a výkonnosť podniku |
| 610 | 2 | 0 | |a meranie výkonnosti |
| 610 | 2 | 0 | |a ukazovatele výkonnosti |
| 610 | 2 | 0 | |a ukazovatele finančné |
| 610 | 2 | 0 | |a ukazovatele nefinančné |
| 610 | 2 | 0 | |a plán podnikový |
| 100 | 1 | |a Mihalčová, Bohuslava, 1963- | |
| 700 | 1 | |a Gallo, Peter, ml. | |